Obálka Náhled e-knihy:
PDF Epub
Pro půjčování e-knih musíte být přihlášeni.
Jak si půjčit online?

Shakespearova utajená milenka /

Nick Montecristo sa po úteku z väzenia opäť objaví na scéne v úlohe zlodeja umeleckých diel na objednávku. Jeho prvým zákazníkom je bohatý zberateľ starých kníh. Nick má získať vzácnu kópiu prvého súborného vydania Shakespearových hier, o ktorú ho pripravil barón Martinis. Vydá sa do baróno...

Celý popis

Uloženo v:
Hlavní autor: Kingsley, Felicia (Autor)
Médium: E-kniha
Jazyk:Czech
Vydáno: Praha : Albatros Media Slovakia s.r.o., 2026
Tagy:
Žádné tagy
LEADER 01576nam a22002297i 4500
001 302759
007 ta
008 260514s2026 xr ||||| |||| 00| 0 cze d
020 |a 9788056652114 
044 |a xr 
100 1 |a  Kingsley, Felicia  |4 aut 
245 1 0 |a Shakespearova utajená milenka /  |c  Kingsley, Felicia 
240 1 0 |a L’amante perduta di Shakespeare 
264 1 |a Praha :  |b Albatros Media Slovakia s.r.o.,  |c 2026 
300 |a 1 online zdroj (280 stran) 
336 |a text  |b txt  |2 rdacontent 
337 |a bez média  |b n  |2 rdamedia 
338 |a online zdroj  |b cr  |2 rdacarrier 
520 2 |a Nick Montecristo sa po úteku z väzenia opäť objaví na scéne v úlohe zlodeja umeleckých diel na objednávku. Jeho prvým zákazníkom je bohatý zberateľ starých kníh. Nick má získať vzácnu kópiu prvého súborného vydania Shakespearových hier, o ktorú ho pripravil barón Martinis. Vydá sa do barónovej vily, no prekvapí ho neočakávaná uchádzačka o dedičstvo – barónova nemanželská dcéra Angelica. Mladá, krásna a impulzívna dáma ho vtiahne do riešenia záhady skutočného autorstva Shakespearových hier... 
910 |a RBIT002 
998 |d 427017  |a https://core.palmknihy.cz/api/books/427017/cover?tesgip  |b https://core.palmknihy.cz/api/books/427017/cover/400?tesgip  |c https://core.palmknihy.cz/api/books/427017/cover/50?tesgip  |e 2030-05-28  |g 280  |i 9788056652114  |j https://core.palmknihy.cz/api/books/427017/preview.epub  |k https://core.palmknihy.cz/api/books/427017/preview.pdf  |l   |q 49  |r 1  |s https://www.palmknihy.cz/kniha/427017  |t ebook  |y 2026  |z 1 
999 |d 302757